000 00943nas a2200301 4500
001 BR9209478
003 BR-BrBNA
005 20231205093300.0
007 ta
008 230509b bl.|||p| |||| 00| 00por d
040 _aBR-BrBNA
_bpor
_cBiblioteca Nacional de Agricultura
041 _a(Pt)
072 _aS20
100 1 _aIda, E.I.
100 1 _aSilva, R.S.F. da
100 1 _aSanches, S.F.
100 1 _aSilva, M.A.P. da
100 1 _aRao, C.S.
245 1 _aAplicacao da metodologia da superficie de resposta na caracterizacao de farinha de soja integral de baixo teor de oligossacaridios
650 _aSOJA
650 _aFARINHA
650 _aNUTRICAO HUMANA
650 _aMODELO MATEMATICO
650 _aTECNOLOGIA DE ALIMENTO
773 0 _tCiencia e Tecnologia de Alimentos (Brazil)
_xISSN 0101-2061
_g(Jan-Jun 1983), v. 3(1) p. 90-107
_wBR9209478
909 _a202311
_bLúcia
_c55
_dLúcia Elande
942 _2AGRIS
_n0
_cANA
999 _c137270
_d137270